Pays par taille du pénis - Statistiques

Statistiques générales
  • Ce quiz a été pris 1 267 fois
  • Le résultat moyen est 5 sur 20
Statistiques - réponses
Taille moyenne (cm) Pays % Correct
15,74 France
95%
15,89 Sénégal
59%
15,35 Italie
55%
16,67 Cameroun
41%
15,71 Canada
40%
15,69 Egypte
30%
16,47 Soudan
25%
15,73 Angola
23%
17,61 Equateur
21%
15,87 Pays-Bas
21%
15,39 Tchad
21%
15,68 Zimbabwe
17%
15,33 République Centrafricaine
15%
15,78 Zambie
15%
15,87 Cuba
13%
15,88 Gambie
12%
16,51 Bolivie
11%
16,01 Haïti
10%
15,53 Paraguay
6%
15,61 Géorgie
5%
Aucun quiz correspondant
Distribution des résultats
% des personnes avec chaque résultat
Percentile par nombre de réponses
Votre historique - résultats
Vous n’avez pas pris ce quiz